LEADER 03137nam 2200457 450 001 9910555063503321 005 20190826115211.0 010 $a1-119-53326-0 010 $a1-119-53325-2 010 $a1-119-53324-4 035 $a(CKB)4100000008402800 035 $a(MiAaPQ)EBC5784916 035 $a(CaSebORM)9781119533191 035 $a(iGPub)WILEYB0038091 035 $a(EXLCZ)994100000008402800 100 $a20190621d2019 uy 0 101 0 $aeng 135 $aurcnu|||||||| 181 $ctxt$2rdacontent 182 $cc$2rdamedia 183 $acr$2rdacarrier 200 10$aCEH v10 certified ethical hacker study guide /$fRic Messier 205 $a1st edition 210 1$aIndianapolis, Indiana :$cSybex,$d[2019] 210 4$d©2019 215 $a1 online resource (587 pages) 300 $aIncludes index. 311 $a1-119-53319-8 330 $aAs protecting information becomes a rapidly growing concern for today?s businesses, certifications in IT security have become highly desirable, even as the number of certifications has grown. Now you can set yourself apart with the Certified Ethical Hacker (CEH v10) certification. The CEH v10 Certified Ethical Hacker Study Guide offers a comprehensive overview of the CEH certification requirements using concise and easy-to-follow instruction. Chapters are organized by exam objective, with a handy section that maps each objective to its corresponding chapter, so you can keep track of your progress. The text provides thorough coverage of all topics, along with challenging chapter review questions and Exam Essentials, a key feature that identifies critical study areas. Subjects include intrusion detection, DDoS attacks, buffer overflows, virus creation, and more. This study guide goes beyond test prep, providing practical hands-on exercises to reinforce vital skills and real-world scenarios that put what you?ve learned into the context of actual job roles. Gain a unique certification that allows you to understand the mind of a hacker Expand your career opportunities with an IT certificate that satisfies the Department of Defense?s 8570 Directive for Information Assurance positions Fully updated for the 2018 CEH v10 exam, including the latest developments in IT security Access the Sybex online learning center, with chapter review questions, full-length practice exams, hundreds of electronic flashcards, and a glossary of key terms Thanks to its clear organization, all-inclusive coverage, and practical instruction, the CEH v10 Certified Ethical Hacker Study Guide is an excellent resource for anyone who needs to understand the hacking process or anyone who wants to demonstrate their skills as a Certified Ethical Hacker. 606 $aComputer security$xExaminations$vStudy guides 608 $aElectronic books. 615 0$aComputer security$xExaminations 676 $a005.8 700 $aMessier$b Ric$0861748 801 0$bMiAaPQ 801 1$bMiAaPQ 801 2$bMiAaPQ 906 $aBOOK 912 $a9910555063503321 996 $aCEH v10 certified ethical hacker study guide$92816557 997 $aUNINA LEADER 05228 am 22007573u 450 001 9910320750903321 005 20200520144314.0 010 $a3-11-042481-9 010 $a3-11-042488-6 024 7 $a10.1515/9783110424812 035 $a(CKB)3710000000469465 035 $a(EBL)2189960 035 $a(SSID)ssj0001589174 035 $a(PQKBManifestationID)16275473 035 $a(PQKBTitleCode)TC0001589174 035 $a(PQKBWorkID)14871886 035 $a(PQKB)11645555 035 $a(DE-B1597)451984 035 $a(OCoLC)932570636 035 $a(OCoLC)961903056 035 $a(DE-B1597)9783110424812 035 $a(Au-PeEL)EBL2189960 035 $a(CaPaEBR)ebr11094234 035 $a(CaONFJC)MIL824878 035 $a(OCoLC)919297801 035 $a(ScCtBLL)e22818a8-f142-447f-85d3-b9b95fc2d546 035 $a(MiAaPQ)EBC2189960 035 $a(oapen)https://directory.doabooks.org/handle/20.500.12854/42520 035 $a(EXLCZ)993710000000469465 100 $a20150901h20152015 uy| 0 101 0 $aeng 135 $aur|nu---|u||u 181 $ctxt 182 $cc 183 $acr 200 10$aBuilding Europe $ea history of European unification /$fWilfried Loth 210 $cDe Gruyter$d2015 210 1$aBerlin :$cDe Gruyter Oldenbourg,$d[2015] 210 4$d©2015 215 $a1 online resource (494 p.) 300 $aDescription based upon print version of record. 311 0 $a3-11-057725-9 311 0 $a3-11-042777-X 320 $aIncludes bibliographical references and index. 327 $tFront matter --$tTable of Contents --$tAbbreviations --$tPrologue: Churchill's Congress --$t1 Foundation Years, 1948-1957 --$t2 Formative Years, 1958-1963 --$t3 Crises of the Community of the Six, 1963-1969 --$t4 Expansion and New Perspectives, 1969-1975 --$t5 Consolidation, 1976-1984 --$t6 The Era of Development, 1984-1992 --$t7 From Maastricht to Nice, 1992-2001 --$t8 Constitutional Struggle and Euro Crisis, 2001-2012 --$tConclusion: The Future of the Union --$tAfterword --$tThe European Parliament 1979-2014: Party memberships --$tThe European Parliament 1979-2014: Presidents --$tThe Presidents of the High Authority and the Commissions --$tSources --$tBibliography --$tIndex 330 $aRelying on internal sources, Wilfried Loth analyses the birth and subsequent development of the European Union, from the launch of the Council of Europe and the Schuman Declaration until the Euro crisis and the contested European presidential election of Jean-Claude Juncker. This book shines a light on the crises of the European integration, such as the failure of the European Defence Community, De Gaulle's empty chair policy, or the rejection of the European Constitution in France and the Netherlands, but also highlights the indubitable successes that are the Franco-German reconciliation, the establishment of the European common market, and the establishment of an expanding common currency. What this study accomplishes, for the first time, is to illuminate the driving forces behind the European integration process and how it changed European politics and society. "An enlightening work. A required reading for all who doubt the unfinished history of Europe." - Rolf Steininger, Frankfurter Allgemeine Zeitung. "This book will become an indispensable standard work." - Jörg Himmelreich, Neue Zürcher Zeitung. 330 $aWilfried Loth erzählt die Entstehung und Entwicklung der Europäischen Union auf der Grundlage interner Quellen, von der Lancierung des Europarats und des Schuman-Plans bis zur Euro-Krise und zur umkämpften Wahl von Jean-Claude Juncker zum Präsidenten der Europäischen Kommission. Krisen der europäischen Integration wie das Scheitern der Europäischen Verteidigungsgemeinschaft, die "Krise des leeren Stuhls" in der Ära de Gaulle oder die Ablehnung des Verfassungsvertrags in Frankreich und in den Niederlanden werden ebenso beleuchtet wie unzweifelhafte Erfolge: die deutsch-französische Aussöhnung, die Schaffung eines Gemeinsamen Marktes, die zahlreichen Erweiterungen und die Etablierung einer Gemeinschaftswährung. Auf diese Weise wird zum ersten Mal deutlich, welche Antriebskräfte hinter dem europäischen Integrationsprozess stehen und wie er Politik und Gesellschaft in Europa verändert. "Ein aufklärerisches Werk. Pflichtlektüre für alle, die an der unvollendeten Geschichte Europas (ver-)zweifeln" - Rolf Steininger, Frankfurter Allgemeine Zeitung."Das Buch wird zum unabdingbaren Standardwerk" - Jörg Himmelreich, Neue Zürcher Zeitung. 606 $aEuropean communities$xHistory 606 $aEuropean federation$xHistory 606 $aHISTORY / Modern / 20th Century$2bisacsh 607 $aEurope$xHistory$y20th century 608 $aHistory.$2fast 610 $aHistory 615 0$aEuropean communities$xHistory. 615 0$aEuropean federation$xHistory. 615 7$aHISTORY / Modern / 20th Century. 676 $a341.242/2 700 $aLoth$b Wilfried$0501608 702 $aHogg$b Robert F. 801 0$bMiAaPQ 801 1$bMiAaPQ 801 2$bMiAaPQ 906 $aBOOK 912 $a9910320750903321 996 $aBuilding Europe$92061856 997 $aUNINA LEADER 04183nam 2200697Ia 450 001 9910785159703321 005 20230725024910.0 010 $a1-282-78418-8 010 $a9786612784187 010 $a3-11-024103-X 024 7 $a10.1515/9783110241037 035 $a(CKB)2670000000044181 035 $a(EBL)584960 035 $a(OCoLC)665817620 035 $a(SSID)ssj0000417318 035 $a(PQKBManifestationID)11277037 035 $a(PQKBTitleCode)TC0000417318 035 $a(PQKBWorkID)10361982 035 $a(PQKB)10120591 035 $a(MiAaPQ)EBC584960 035 $a(DE-B1597)39452 035 $a(OCoLC)840440951 035 $a(DE-B1597)9783110241037 035 $a(Au-PeEL)EBL584960 035 $a(CaPaEBR)ebr10415637 035 $a(CaONFJC)MIL278418 035 $a(EXLCZ)992670000000044181 100 $a20100603d2010 uy 0 101 0 $aeng 135 $aur||||||||||| 181 $ctxt 182 $cc 183 $acr 200 10$aEvidentiality in German$b[electronic resource] $elinguistic realization and regularities in grammaticalization /$fby Gabriele Diewald, Elena Smirnova 210 $aBerlin ;$aNew York $cDe Gruyter Mouton$d2010 215 $a1 online resource (374 p.) 225 1 $aTrends in linguistics. Studies and monographs ;$v228 300 $aDescription based upon print version of record. 311 $a3-11-024069-6 320 $aIncludes bibliographical references and index. 327 $t Frontmatter -- $tTable of contents -- $tChapter 1. Introduction -- $tChapter 2. Evidentiality - definitions and delimitations -- $tChapter 3. Evidentiality and modality - drawing the lines -- $tChapter 4. Grammar and grammaticalization -- $tChapter 5. Scales and scenarios of grammaticalization -- $tChapter 6. The four evidential constructions in present-day German -- $tChapter 7. Intermediate summary -- $tChapter 8. Diachronic corpus study of the four constructions -- $tChapter 9. Summary: the diachrony of the four constructions -- $tChapter 10. Summary and outlook -- $t Backmatter 330 $aThis book is a comprehensive study of the evidential system in German. It presents a systematic description of the encoding of evidentiality in present-day German, as well as a diachronic reconstruction of the relevant sources and paths of grammaticalization from the Old High German period onwards. Based on empirical corpus research, the study investigates the degree of grammaticalization of each single evidential construction and the make-up of the present-day system as well as the diachronic stages that lead to the present state. The book focuses on three main issues. First, it is concerned with the general notion of evidentiality, its deictic character, and with the interrelations between the domains of evidentiality and epistemic modality. Second, the book presents the results of the synchronic corpus-based analysis of the German evidential periphrastic constructions werden 'become' + infinitive, scheinen 'seem', drohen 'threaten', versprechen 'promise' + zu 'to'- infinitive, which constitute a paradigm for coding evidentiality in Present Day German. Third, the diachronic development of the evidential constructions is represented as a complex grammaticalization process, interacting with the development of modal constructions and leading to a highly differentiated category of modal and evidential distinctions in the grammar of German. 410 0$aTrends in linguistics.$pStudies and monographs ;$v228. 606 $aGerman language$xGrammaticalization 606 $aGrammar, Comparative and general$xGrammaticalization 610 $aGerman/language. 610 $aGrammaticalization. 610 $aHistorical Linguistics. 615 0$aGerman language$xGrammaticalization. 615 0$aGrammar, Comparative and general$xGrammaticalization. 676 $a435 686 $aLL 10197$2rvk 700 $aDiewald$b Gabriele$0302356 701 $aSmirnova$b Elena$0302018 801 0$bMiAaPQ 801 1$bMiAaPQ 801 2$bMiAaPQ 906 $aBOOK 912 $a9910785159703321 996 $aEvidentiality in German$9766459 997 $aUNINA